| 000 | 00348pab a2200145 454500 | ||
|---|---|---|---|
| 008 | 180718b2017 xxu||||| |||| 00| 0 eng d | ||
| 100 | _aMishra, L. | ||
| 245 | _aLabour issues in the current milieu: an introspection | ||
| 260 | _c2017 | ||
| 300 | _ap.17-22. | ||
| 362 | _a11 Feb | ||
| 650 | _aLabour | ||
| 773 | _aMainstream | ||
| 909 | _a113906 | ||
| 999 |
_c113900 _d113900 |
||